| 000 | 00550nam a2200169Ia 4500 | ||
|---|---|---|---|
| 003 | GCL | ||
| 008 | 140319s9999 xx 000 0 ara d | ||
| 040 |
_aGCL / _cGCL |
||
| 082 | 0 | 4 |
_aق _b910.0962 _bم ج |
| 100 | 1 | _aمحمد السعيد النعناعى | |
| 245 | 1 | 0 |
_aالجغرافيا الاقليمية المصورة حوض النيل : لطلبة الثقافة العامة / _cمحمد السعيد النعناعى |
| 300 | _a251 | ||
| 490 |
_a100 قصة _v0 |
||
| 650 | 0 | 4 | _aالجغرافيا |
| 650 | 0 | 4 | _aالنيل |
| 942 |
_2ddc _cBK |
||
| 999 |
_c45885 _d45885 |
||